| 000 | 00569nam a22001937a 4500 | ||
|---|---|---|---|
| 005 | 20130917145312.0 | ||
| 010 | _aENG-108084 | ||
| 020 |
_c695.00 _a9789381130131 |
||
| 035 | _aEN-91617 | ||
| 037 | _bDBAD/PUB | ||
| 082 | _aS | ||
| 100 | _aEnoch, Kolakaluri | ||
| 245 |
_aThe gift of forgiveness / _cby Kalokaluri Enoch ; edited by Kolakaluri Sumakiran |
||
| 260 |
_aDelhi _bYash Publications _c2013 |
||
| 270 |
_a1/10753, Subhash Park, Naveen Shahdara _bDelhi _e110032 |
||
| 300 |
_a194p. _c22cm(Hb) |
||
| 700 | _a Sumakiran,Kolakaluri | ||
| 942 |
_2ddc _cEN _mENO _hS |
||
| 999 |
_c77697 _d77697 |
||